Library of the University of Algiers 3
Ibrahim Sultan Cheibout
شعار جامعة الجزائر 3
مكتبة جامعة الجزائر 3
إبراهيم سلطان شيبوط

التجارة الدولية : (رقم التسجيلة. 43748)

تفاصيل مارك
000 -LEADER
fixed length control field 01422nam a2200241Ia 4500
003 - CONTROL NUMBER IDENTIFIER
control field Ost
005 - DATE AND TIME OF LATEST TRANSACTION
control field 20260507075256.0
008 - FIXED-LENGTH DATA ELEMENTS--GENERAL INFORMATION
fixed length control field 260507s9999||||xx |||||||||||||| ||und||
020 ## - INTERNATIONAL STANDARD BOOK NUMBER
International Standard Book Number 7091375977
040 ## - CATALOGING SOURCE
Transcribing agency fsecg
041 ## - LANGUAGE CODE
Language code of text/sound track or separate title ara
082 ## - DEWEY DECIMAL CLASSIFICATION NUMBER
Classification number 330
100 ## - MAIN ENTRY--PERSONAL NAME
Personal name العدلي، أشرف أحمد
Relator term مؤلف
245 #0 - TITLE STATEMENT
Title التجارة الدولية :
Remainder of title التجارة الخارجية ، الصادرات و الواردات ، التعريفة الجمركية ، السوق العربية المشتركة و ظاهرة العولمة /
Statement of responsibility, etc. أشرف أحمد العدلي
260 ## - PUBLICATION, DISTRIBUTION, ETC.
Place of publication, distribution, etc. الاسكندرية:
Name of publisher, distributor, etc. مؤسسة رئية,
Date of publication, distribution, etc. 2006
300 ## - PHYSICAL DESCRIPTION
Extent 291 صفحة؛
Dimensions 24 سم
520 ## - SUMMARY, ETC.
Summary, etc. مفهوم و نظريات التجارة الدولية ، الميزان التجاري الدولي و ظاهرة العولمة ، حرية و حماية التجارة الداخلية و الخارجية ، التعريفة الجمركية و الهدف منها و قواعد تطبيق هذه التعريفة ، الاسواق العربية و الاتحادات الاقتصادية ، أشكال التعاون الاقتصادي الدولي و الاتجاه نحو سوق عربية مشتركة بدون حواجز جمركية.
653 ## - INDEX TERM--UNCONTROLLED
Uncontrolled term الاقتصاد الدولي
653 ## - INDEX TERM--UNCONTROLLED
Uncontrolled term التجارة
653 ## - INDEX TERM--UNCONTROLLED
Uncontrolled term التجارة الخارجية
653 ## - INDEX TERM--UNCONTROLLED
Uncontrolled term التصدير
942 ## - ADDED ENTRY ELEMENTS (KOHA)
Koha item type كتب
المقتنيات
Withdrawn status Lost status Source of classification or shelving scheme Damaged status Not for loan Home library Current library Date acquired Serial enumeration / chronology Inventory number Total checkouts Full call number Barcode Date last seen Price effective from Koha item type
    Dewey Decimal Classification   NOT LOAN / إعارة داخلية مكتبة كلية العلوم الإقتصادية والعلوم التجارية وعلوم التسيير مكتبة كلية العلوم الإقتصادية والعلوم التجارية وعلوم التسيير 07/05/2026 الطابق الأرضي 2011/7193   أ/3768ن1 2011/7193 07/05/2026 07/05/2026 كتب
    Dewey Decimal Classification   Available مكتبة كلية العلوم الإقتصادية والعلوم التجارية وعلوم التسيير مكتبة كلية العلوم الإقتصادية والعلوم التجارية وعلوم التسيير 07/05/2026 الطابق الأرضي 2011/7194   أ/3768ن2 2011/7194 07/05/2026 07/05/2026 كتب
    Dewey Decimal Classification   Available مكتبة كلية العلوم الإقتصادية والعلوم التجارية وعلوم التسيير مكتبة كلية العلوم الإقتصادية والعلوم التجارية وعلوم التسيير 07/05/2026 الطابق الثاني 2011/7195   أ/3768ن3 2011/7195 07/05/2026 07/05/2026 كتب

موارد الويب المفتوحة


© University of Algiers 3 All Rights Reserved
|
Implemented by LECHELAH Riad